000 00807nam a22002177a 4500
003 UA-OsUOA
001 105104
007 ta
008 20140211b un ||||| |||| 00| 0 ukr d
100 _aТараненко О.О.
090 _a81
_bТ19
942 _cSA
040 _aUA-OsUOA
_bukr
_cUA-OsUOA
_dUA-OsUOA
245 _aФормування нової системи соціальних цінностей і пріоритетів українського суспільства ( на матеріалх української мови кінця ХХ - початку ХІХ ст.)
300 _aС.3-27
955 _a0
041 _aukr
080 _a81
773 0 _w105103
650 7 _a8 Мовознавство. Художня література. Літературознавство
_2UDC
999 _c391233
_d391233